Polskie paradokumety - Statystyki

Ogólne statystyki
  • Ten quiz został rozwiązany 1 494 razy
  • Średni wynik to 6 z 15
Statystyki odpowiedzi
Stacja Odpowiedź % Poprawnych
Polsat Dlaczego ja?
92%
Polsat Trudne sprawy
91%
TVN Szkoła
77%
TVN Szpital
67%
Polsat Na ratunek 112
36%
Polsat Zdrady
36%
Polsat Pamiętniki z wakacji
34%
Polsat Sekrety rodziny
29%
Polsat Słoiki
24%
Polsat Małolaty
21%
Polsat Gry małżeńskie
11%
Polsat Pierwsza klasa
10%
TV4 Septagon
9%
Polsat Szpital dziecięcy
8%
Polsat To twoja wina
6%
Nie znaleziono quizów pasujących do podanych kryteriów
Rozkład punktacji
Procent ludzi z każdym wynikiem
Percentyl według liczby udzielonych odpowiedzi
Twoja historia wyników
Nie rozwiązałeś tego quizu